2025 by Image - Statistics

General Stats
  • This quiz has been taken 77 times
  • The average score is 8 of 12
Answer Stats
Picture Hint Answer % Correct
Film Minecraft Movie
90%
Assassinated Activist Charlie Kirk
88%
Katy Perry's Destination Space
85%
Criminal Documents Epstein Files
83%
Plush Toys Labubu
82%
New Pope Pope Leo XIV
78%
Swift's now-fiancé Travis Kelce
78%
Film KPop Demon Hunters
74%
Heisted Museum Louvre
74%
NYC Mayor-Elect Zohran Mamdani
46%
French Open Winner Carlos Alcaraz
42%
Generative AI DeepSeek
26%
No matching quizzes found
Score Distribution
Percent of People with Each Score
Percentile by Number Answered
Your Score History
You have not taken this quiz